Masters of political thought / (Record no. 100594)

MARC details
000 -LEADER
campo de control de longitud fija 00590nam a2200181 i 4500
001 - NÚMERO DE CONTROL
campo de control 100594
003 - IDENTIFICADOR DE NÚMERO DE CONTROL
campo de control ES-MaACL
005 - FECHA Y HORA DE LA ÚLTIMA TRANSACCIÓN
campo de control 20230906182714.0
007 - CAMPO FIJO DE DESCRIPCIÓN FÍSICA--INFORMACIÓN GENERAL
campo de control de longitud fija t|
008 - DATOS DE LONGITUD FIJA--INFORMACIÓN GENERAL
campo de control de longitud fija 050929s1942 xxk ||||1| eng d
245 00 - MENCIÓN DEL TÍTULO
Título Masters of political thought /
Mención de responsabilidad, etc. ed. by Edward McChesney Sait.
Número de parte o sección de la obra 1,
Nombre de parte o sección de la obra Plato to Macchiavelli / by Michael B. Foster.
250 ## - MENCION DE EDICION
Mención de edición [1ª ed.].
260 ## - PUBLICACIÓN, DISTRIBUCIÓN, ETC.
Lugar de publicación, distribución, etc. London :
Nombre del editor, distribuidor, etc. George G. Harrap & Comp.,
Fecha de publicación, distribución, etc. 1942.
300 ## - DESCRIPCIÓN FÍSICA
Extensión 294 p. ;
Dimensiones 22 cm.
700 1# - ENTRADA AGREGADA--NOMBRE PERSONAL
Nombre de persona Sait, Edward Mac Chesney.
9 (RLIN) 101617
700 1# - ENTRADA AGREGADA--NOMBRE PERSONAL
Nombre de persona Foster, Michael Beresford.
9 (RLIN) 168469
852 ## - LOCALIZACIÓN
Ubicación ES-MaACL
Número de control de estantería P-917
Sublocalización o colección R.29686
Holdings
Estatus retirado Estado de pérdida Estado de daño No para préstamo Biblioteca de origen Biblioteca actual Ubicación en estantería Fecha de adquisición Fuente de adquisición Total de préstamos Signatura topográfica completa Código de barras Visto por última vez Precio de reemplazo Tipo de ítem Koha
        Biblioteca del Ateneo de Madrid Biblioteca del Ateneo de Madrid Depósito 2 17/01/2008     P-917 1105026 23/02/2023 23/02/2023 Libro impreso